000 00461nam a2200181Ia 4500
001 14768
005 20260306164938.0
008 260306t1997||||xx |||||||||||||| ||spa||
041 _aESP
082 _a519.2
_bM42
100 _aMendenhall, William
_eAUT
245 0 _aProbabilidad y estadística:
_bpara ingeniería y ciencias
260 _c1997
300 _axvii, 1182 páginas :
_c25 cm.
650 _aGEN
654 _aCMA
942 _cLIB
_dJUS
_fJUS
_2ddc
_n
999 _c14768
_d14768